000
00245nam a2200097Ia 4500
001
1212094
005
20250827024448.0
008
250824s9999 xx 000 0 und d
245
0
_a
LEYLANIN EVİ
_c
ZÜLFÜ LİVANELİ
260
_b
REMZİ KİTABEVİ
999
_c
1212094
_d
1212094